[Event "Titled Tuesday intern op 16th Apr Late"]
[Site "Chess.com INT"]
[Date "2024.04.16"]
[Round "8"]
[White "Kollars, Dmitrij"]
[Black "Durarbayli, Vasif"]
[Result "0-1"]
[WhiteElo "2635"]
[BlackElo "2627"]
[PlyCount "80"]
[EventDate "2024.04.16"]
[EventType "swiss (blitz)"]
[EventRounds "11"]
[EventCountry "USA"]
[SourceTitle "CB17_2024"]
[SourceDate "2024.04.24"]
[SourceVersion "1"]
[SourceVersionDate "2024.04.24"]
[SourceQuality "1"]

1. e4 e6 2. d4 d5 3. e5 c5 4. c3 Nc6 5. Nf3 Bd7 6. a3 f6 7. exf6 Qxf6 8. Be2 cxd4 9. cxd4 Bd6 10. Nc3 Nge7 11. 0-0 h6 12. Be3 Nf5 13. Qd3 g5 14. Rad1 g4 15. Ne1 h5 16. Nc2 Qh4 17. g3 Qh3 18. Rfe1 Nh4 19. Qg6+ Nxg6 20. Bf1 Nh4 21. Bxh3 Nf3+ 22. Kg2 Nxe1+ 23. Rxe1 gxh3+ 24. Kxh3 0-0-0 25. Kg2 h4 26. f4 hxg3 27. hxg3 Rdg8 28. Re2 Ne7 29. Kf3 Nf5 30. Bf2 Rh3 31. Kg2 Rhxg3+ 32. Bxg3 Rxg3+ 33. Kf2 Bxf4 34. Re1 Rh3 35. Rg1 Rh2+ 36. Kf3 Rxc2 37. Kxf4 Nxd4 38. Rg7 Ne2+ 39. Ke5 Nxc3 40. Kd6 Ne4+ 0-1

[Event "Titled Tuesday intern op 16th Apr Late"]
[Site "Chess.com INT"]
[Date "2024.04.16"]
[Round "2"]
[White "Kollars, Dmitrij"]
[Black "Pourkashiyan, Atousa"]
[Result "1-0"]
[WhiteElo "2635"]
[BlackElo "2271"]
[PlyCount "75"]
[EventDate "2024.04.16"]
[EventType "swiss (blitz)"]
[EventRounds "11"]
[EventCountry "USA"]
[SourceTitle "CB17_2024"]
[SourceDate "2024.04.24"]
[SourceVersion "1"]
[SourceVersionDate "2024.04.24"]
[SourceQuality "1"]

1. c4 e6 2. Nf3 d5 3. g3 Nf6 4. Bg2 Be7 5. b3 0-0 6. Bb2 b6 7. 0-0 Bb7 8. cxd5 exd5 9. d4 Nbd7 10. Nc3 Re8 11. Rc1 c6 12. Rc2 Bd6 13. e3 Ne4 14. Nxe4 Rxe4 15. Ne5 Rxe5 16. dxe5 Bxe5 17. e4 Bxb2 18. exd5 Ba6 19. Re1 Bf6 20. dxc6 Nc5 21. Qxd8+ Rxd8 22. c7 Rc8 23. Bh3 Ne6 24. Bxe6 fxe6 25. Rxe6 Kf7 26. Re1 Bd3 27. Rcc1 Bf5 28. Kg2 Be6 29. f3 Bd5 30. h4 Be7 31. Re5 Bb7 32. Rc4 Bd6 33. Rf5+ Ke6 34. Rg5 g6 35. h5 Kf6 36. Rcg4 Rxc7 37. hxg6 Rc2+ 38. Kf1 1-0

[Event "Titled Tuesday intern op 16th Apr Late"]
[Site "Chess.com INT"]
[Date "2024.04.16"]
[Round "6"]
[White "Kollars, Dmitrij"]
[Black "Salinas Herrera, Pablo Patricio"]
[Result "1/2-1/2"]
[WhiteElo "2635"]
[BlackElo "2487"]
[PlyCount "270"]
[EventDate "2024.04.16"]
[EventType "swiss (blitz)"]
[EventRounds "11"]
[EventCountry "USA"]
[SourceTitle "CB17_2024"]
[SourceDate "2024.04.24"]
[SourceVersion "1"]
[SourceVersionDate "2024.04.24"]
[SourceQuality "1"]

1. d4 d5 2. c4 e6 3. Nf3 Nf6 4. Nc3 c6 5. e3 Nbd7 6. Bd3 Be7 7. 0-0 0-0 8. e4 dxe4 9. Nxe4 c5 10. Nxc5 Nxc5 11. dxc5 Bxc5 12. Bg5 b6 13. Qc2 Bb7 14. Bxh7+ Kh8 15. Bxf6 Qxf6 16. Be4 Bxe4 17. Qxe4 Qxb2 18. Qh4+ Kg8 19. Ng5 Qc2 20. Rac1 Qf5 21. Rc3 f6 22. Ne4 Rac8 23. Re1 Rfd8 24. Rf3 Qh7 25. Qf4 Be7 26. h4 Qh5 27. Ng3 Qf7 28. Qe4 Bb4 29. Re2 Rd1+ 30. Kh2 Bd6 31. Qxe6 Qxe6 32. Rxe6 Rxc4 33. Kh3 Kf7 34. Re4 Rc2 35. Nf5 Rh1+ 36. Kg4 Bf8 37. h5 Rd1 38. a4 Rd5 39. g3 Rcc5 40. Rff4 Rc2 41. Re1 Rdd2 42. f3 Rd3 43. Rfe4 Rc5 44. R1e3 Rxe3 45. Nxe3 Rg5+ 46. Kh4 Be7 47. g4 Ra5 48. Nf5 Bf8 49. Rc4 Rc5 50. Rd4 Rc7 51. Kg3 a6 52. Kf4 b5 53. axb5 axb5 54. Ke4 b4 55. Rd5 Rb7 56. Rd1 b3 57. Rb1 b2 58. Kd4 Ba3 59. Kc3 Ke6 60. Nd4+ Ke5 61. Nc2 Bd6 62. Ne1 Kf4 63. Kd2 Be5 64. Ke2 Kg3 65. Nd3 Rb3 66. Nc5 Rb4 67. Nd3 Rb5 68. Ne1 Kh4 69. Nd3 Kg5 70. Ke3 Rb3 71. Ke4 Bc3 72. Ke3 Rb8 73. Ke4 Re8+ 74. Kd5 Re3 75. Kc4 Be5 76. Nxe5 fxe5 77. Rxb2 Rxf3 78. Rb7 Rf4+ 79. Kd5 Rxg4 80. Kxe5 Kxh5 81. Kf5 Rg1 82. Kf4 Rf1+ 83. Kg3 Kh6 84. Kg2 Rf6 85. Rb8 g5 86. Kg3 Kg6 87. Kg4 Rf4+ 88. Kg3 Re4 89. Kf3 Rd4 90. Kg3 Rd3+ 91. Kg4 Rd4+ 92. Kg3 Rc4 93. Kf3 Kf5 94. Rf8+ Kg6 95. Rg8+ Kh6 96. Rh8+ Kg7 97. Ra8 Rh4 98. Kg3 Rb4 99. Ra7+ Kg6 100. Ra8 Rb7 101. Rg8+ Rg7 102. Ra8 Kh5 103. Rh8+ Kg6 104. Ra8 Rf7 105. Rg8+ Kf5 106. Ra8 Re7 107. Rf8+ Kg6 108. Ra8 Re3+ 109. Kg4 Re4+ 110. Kg3 Rf4 111. Rg8+ Kf6 112. Rf8+ Kg6 113. Ra8 Rf6 114. Rg8+ Kf5 115. Ra8 Kg6 116. Rg8+ Kh5 117. Ra8 Re6 118. Rh8+ Kg6 119. Ra8 Re3+ 120. Kg4 Re4+ 121. Kg3 Rb4 122. Rg8+ Kf6 123. Rf8+ Kg6 124. Ra8 Kf5 125. Rf8+ Kg6 126. Rc8 Rd4 127. Rg8+ Kf5 128. Rf8+ Kg6 129. Re8 Kf5 130. Rf8+ Kg6 131. Re8 Kh5 132. Rh8+ Kg6 133. Kf3 Rh4 134. Ra8 Rh3+ 135. Kg4 Rh4+ 1/2-1/2

[Event "Karlsruhe Grenke op"]
[Site "Karlsruhe"]
[Date "2024.03.28"]
[Round "1"]
[White "Kollars, Dmitrij"]
[Black "Kassay, Krisztian"]
[Result "1-0"]
[WhiteElo "2629"]
[BlackElo "2124"]
[PlyCount "43"]
[EventDate "2024.03.28"]
[EventType "swiss"]
[EventRounds "9"]
[EventCountry "GER"]
[SourceTitle "CB14_2024"]
[SourceDate "2024.04.01"]
[SourceVersion "1"]
[SourceVersionDate "2024.04.01"]
[SourceQuality "1"]

1. e4 d6 2. d4 Nf6 3. Nc3 e5 4. Nf3 Nbd7 5. Bc4 Be7 6. a4 a5 7. 0-0 0-0 8. Re1 c6 9. h3 Qc7 10. Be3 exd4 11. Nxd4 Ne5 12. Bb3 Re8 13. f4 Ng6 14. Qf3 h5 15. Qg3 Kf8 16. Rad1 d5 17. e5 Ne4 18. Nxe4 Bh4 19. Qf3 dxe4 20. Qxh5 Bxe1 21. Rxe1 Qe7 22. Bf2 1-0

[Event "Bundesliga 2324"]
[Site "Germany"]
[Date "2024.03.17"]
[Round "13.2"]
[White "Kollars, Dmitrij"]
[Black "Bartel, Mateusz"]
[Result "1/2-1/2"]
[WhiteElo "2633"]
[BlackElo "2651"]
[PlyCount "42"]
[EventDate "2023.10.21"]
[EventType "team-tourn"]
[EventRounds "15"]
[EventCountry "GER"]
[SourceTitle "CB13_2024"]
[SourceDate "2024.03.27"]
[SourceVersion "1"]
[SourceVersionDate "2024.03.27"]
[SourceQuality "1"]
[WhiteTeam "Deizisau"]
[BlackTeam "Dresden TU"]
[WhiteTeamCountry "GER"]
[BlackTeamCountry "GER"]

1. e4 e6 2. d4 d5 3. Nc3 Bb4 4. Nge2 dxe4 5. a3 Be7 6. Nxe4 Nd7 7. g3 Ngf6 8. Nxf6+ Nxf6 9. Bg2 Rb8 10. c4 0-0 11. Nc3 a6 12. 0-0 b5 13. c5 Bb7 14. c6 Bc8 15. Bf4 b4 16. axb4 Rxb4 17. Qc2 Nd5 18. Nxd5 exd5 19. Qd2 Rb6 20. Qc2 Be6 21. Rfc1 Bg5 1/2-1/2

[Event "Bundesliga 2324"]
[Site "Germany"]
[Date "2024.02.25"]
[Round "11.3"]
[White "Kollars, Dmitrij"]
[Black "Rapport, Richard"]
[Result "1/2-1/2"]
[WhiteElo "2633"]
[BlackElo "2752"]
[PlyCount "68"]
[EventDate "2023.10.21"]
[EventType "team-tourn"]
[EventRounds "15"]
[EventCountry "GER"]
[SourceTitle "CB09_2024"]
[SourceDate "2024.02.28"]
[SourceVersion "1"]
[SourceVersionDate "2024.02.28"]
[SourceQuality "1"]
[WhiteTeam "Deizisau"]
[BlackTeam "Baden-Baden"]
[WhiteTeamCountry "GER"]
[BlackTeamCountry "GER"]

1. e4 c5 2. Nf3 d6 3. Bb5+ Bd7 4. Bxd7+ Nxd7 5. 0-0 e6 6. c3 Ngf6 7. Qe2 Be7 8. d4 0-0 9. Rd1 cxd4 10. cxd4 b5 11. a3 a5 12. Bg5 h6 13. Bh4 Rb8 14. a4 bxa4 15. Rxa4 d5 16. exd5 Nxd5 17. Bxe7 Nxe7 18. Nc3 Qb6 19. d5 Nxd5 20. Nxd5 exd5 21. Rxd5 Rfe8 22. Qf1 Nc5 23. Rc4 Ne4 24. Rdd4 Nf6 25. Rc2 Rbc8 26. Rxc8 Rxc8 27. Qb1 Qb3 28. h3 g6 29. Qd1 Qxd1+ 30. Rxd1 Rc2 31. Rd2 Rc1+ 32. Kh2 Ne4 33. Re2 Nc5 34. Ne5 a4 1/2-1/2

[Event "Mitropa Cup"]
[Site "Apolda"]
[Date "2024.02.21"]
[Round "7.19"]
[White "Kollars, Dmitrij"]
[Black "Pasztor, Balazs"]
[Result "1-0"]
[WhiteElo "2619"]
[BlackElo "2395"]
[PlyCount "128"]
[EventDate "2024.02.15"]
[EventType "team-tourn"]
[EventRounds "9"]
[EventCountry "GER"]
[SourceTitle "CB09_2024"]
[SourceDate "2024.02.28"]
[SourceVersion "1"]
[SourceVersionDate "2024.02.28"]
[SourceQuality "1"]
[WhiteTeam "Germany"]
[BlackTeam "Hungary"]
[WhiteTeamCountry "GER"]
[BlackTeamCountry "HUN"]

1. e4 e5 2. Bc4 Nc6 3. Nc3 Nf6 4. d3 Na5 5. Bb3 Bb4 6. Nf3 Nxb3 7. axb3 d5 8. 0-0 dxe4 9. Nxe5 exd3 10. Nxd3 Be7 11. Qf3 0-0 12. Re1 c6 13. h3 Be6 14. Be3 Bxb3 15. Nc5 Bd5 16. Nxd5 cxd5 17. Nd3 b6 18. Bxb6 axb6 19. Rxa8 Qxa8 20. Rxe7 Qa4 21. Re2 Rc8 22. b3 Qa1+ 23. Kh2 h6 24. Qf5 Rc6 25. Nb4 Rc5 26. Qf4 Rc8 27. Qf5 Rc5 28. Nd3 Rc6 29. Qf4 Qd1 30. Rd2 Qh5 31. f3 Qg5 32. Qxg5 hxg5 33. Nb4 Rc5 34. Kg1 Kf8 35. Re2 d4 36. Rd2 Nd5 37. Nxd5 Rxd5 38. c4 Rd6 39. Kf2 Ke7 40. Ke2 b5 41. Kd3 bxc4+ 42. Kxc4 Ke6 43. b4 f5 44. b5 Ke5 45. Re2+ Kf4 46. Kd3 Rb6 47. Rb2 Ke5 48. Kc4 g4 49. Re2+ Kf4 50. hxg4 Rd6 51. Kd3 Rb6 52. Rb2 fxg4 53. fxg4 Ke5 54. Rb4 Kd5 55. Rxd4+ Kc5 56. Ke4 Kxb5 57. Rd7 Kc6 58. Rxg7 Rb5 59. Re7 Kd6 60. Re8 Kd7 61. Re5 Rb8 62. g5 Kd6 63. Kf4 Rb2 64. Re1 Kd5 1-0

[Event "Mitropa Cup"]
[Site "Apolda"]
[Date "2024.02.15"]
[Round "1.3"]
[White "Kollars, Dmitrij"]
[Black "Carnicelli, Valerio"]
[Result "1-0"]
[WhiteElo "2619"]
[BlackElo "2427"]
[PlyCount "61"]
[EventDate "2024.02.15"]
[EventType "team-tourn"]
[EventRounds "9"]
[EventCountry "GER"]
[SourceTitle "CB09_2024"]
[SourceDate "2024.02.28"]
[SourceVersion "1"]
[SourceVersionDate "2024.02.28"]
[SourceQuality "1"]
[WhiteTeam "Germany"]
[BlackTeam "Italy"]
[WhiteTeamCountry "GER"]
[BlackTeamCountry "ITA"]

1. e4 c5 2. Nf3 e6 3. d4 cxd4 4. Nxd4 Nc6 5. Nc3 Qc7 6. Be3 a6 7. Qd2 Nf6 8. 0-0-0 b5 9. f3 Be7 10. g4 Nxd4 11. Qxd4 Bb7 12. g5 Nh5 13. Kb1 Rc8 14. Qd2 b4 15. Na4 0-0 16. Bh3 Bc6 17. Nb6 Rcd8 18. Bg4 Nf4 19. Nc4 Bxg5 20. h4 Bh6 21. Nd6 f5 22. Bxf4 Bxf4 23. Qxf4 fxg4 24. Qxg4 Qa5 25. f4 Rf6 26. h5 Rdf8 27. Rhg1 g6 28. hxg6 Rxg6 29. Qh4 Qd8 30. Rxg6+ hxg6 31. Qh6 1-0

[Event "Titled Tuesday intern op 13th Feb Early"]
[Site "Chess.com INT"]
[Date "2024.02.13"]
[Round "7"]
[White "Hayrapetyan, Hovik"]
[Black "Kollars, Dmitrij"]
[Result "0-1"]
[WhiteElo "2432"]
[BlackElo "2619"]
[PlyCount "64"]
[EventDate "2024.02.13"]
[EventType "swiss (blitz)"]
[EventRounds "11"]
[EventCountry "USA"]
[SourceTitle "CB08_2024"]
[SourceDate "2024.02.21"]
[SourceVersion "1"]
[SourceVersionDate "2024.02.21"]
[SourceQuality "1"]

1. d4 d5 2. c4 e6 3. Nc3 Nf6 4. Nf3 Nbd7 5. Bf4 dxc4 6. e3 b5 7. Nxb5 Bb4+ 8. Nc3 Nd5 9. Rc1 N7b6 10. Bg3 Bb7 11. Be2 0-0 12. 0-0 Nxc3 13. bxc3 Ba3 14. Rb1 Be4 15. Rb5 c6 16. Ra5 Be7 17. Qc1 Bd5 18. Nd2 c5 19. dxc5 Nd7 20. Qa3 Nxc5 21. Rxa7 Qb6 22. Rxa8 Rxa8 23. Qc1 Rxa2 24. Nxc4 Qb7 25. Nd6 Bxd6 26. Bxd6 Ne4 27. Bb4 Rxe2 28. c4 Qxb4 29. cxd5 exd5 30. Qc8+ Qf8 31. Qg4 Rd2 32. h4 Rc2 0-1

[Event "Titled Tuesday intern op 13th Feb Early"]
[Site "Chess.com INT"]
[Date "2024.02.13"]
[Round "1"]
[White "Kollars, Dmitrij"]
[Black "Bambino Filho, Antonio Carlos"]
[Result "1-0"]
[WhiteElo "2619"]
[BlackElo "2166"]
[PlyCount "69"]
[EventDate "2024.02.13"]
[EventType "swiss (blitz)"]
[EventRounds "11"]
[EventCountry "USA"]
[SourceTitle "CB08_2024"]
[SourceDate "2024.02.21"]
[SourceVersion "1"]
[SourceVersionDate "2024.02.21"]
[SourceQuality "1"]

1. d4 Nf6 2. Nf3 c5 3. d5 e6 4. Nc3 exd5 5. Nxd5 Nxd5 6. Qxd5 Be7 7. e4 0-0 8. Bc4 Nc6 9. 0-0 d6 10. c3 Be6 11. Qd3 Ne5 12. Nxe5 dxe5 13. Qe2 Qb6 14. a4 Bxc4 15. Qxc4 Qg6 16. Be3 Rac8 17. Rad1 Kh8 18. Rd7 Bg5 19. Bxg5 Qxg5 20. Rxb7 f5 21. exf5 Qxf5 22. Rxa7 Rcd8 23. Qxc5 Rd2 24. b4 h6 25. Re7 Re2 26. a5 Rf6 27. g3 h5 28. Re8+ Kh7 29. Qc8 Qf3 30. Rh8+ Kg6 31. Qe8+ Rf7 32. Rf8 Rxf2 33. Qxf7+ Qxf7 34. Rxf7 Rxf7 35. Rxf7 1-0

[Event "Titled Tuesday intern op 13th Feb Early"]
[Site "Chess.com INT"]
[Date "2024.02.13"]
[Round "9"]
[White "Kollars, Dmitrij"]
[Black "Movahed, Sina"]
[Result "0-1"]
[WhiteElo "2619"]
[BlackElo "2463"]
[PlyCount "82"]
[EventDate "2024.02.13"]
[EventType "swiss (blitz)"]
[EventRounds "11"]
[EventCountry "USA"]
[SourceTitle "CB08_2024"]
[SourceDate "2024.02.21"]
[SourceVersion "1"]
[SourceVersionDate "2024.02.21"]
[SourceQuality "1"]

1. e4 c5 2. Nf3 d6 3. Bb5+ Nd7 4. c4 Ngf6 5. Nc3 g6 6. d3 Bg7 7. h3 0-0 8. Ba4 Ne5 9. Nxe5 dxe5 10. Be3 b6 11. Qd2 Nh5 12. Ne2 Qc7 13. g4 Nf6 14. Ng3 Bb7 15. f3 Rad8 16. h4 Rd6 17. h5 Rfd8 18. Bc2 e6 19. Bh6 Bh8 20. 0-0-0 Nd7 21. Qh2 Nb8 22. Qh4 Nc6 23. Bg5 R8d7 24. Rdg1 Nd4 25. Bd1 b5 26. hxg6 fxg6 27. Nh5 bxc4 28. dxc4 Qa5 29. a3 Qa6 30. Kb1 Qxc4 31. Bf6 Qd3+ 32. Ka1 Ra6 33. Rh2 Bxe4 34. Ba4 Rxa4 35. fxe4 Nb3+ 36. Ka2 Nd2 37. Rxd2 Qxd2 38. Bxh8 Rb7 39. Bxe5 Rxa3+ 40. Kb1 Qd3+ 41. Kc1 Ra1# 0-1

[Event "Titled Tuesday intern op 13th Feb Early"]
[Site "Chess.com INT"]
[Date "2024.02.13"]
[Round "11"]
[White "Kollars, Dmitrij"]
[Black "Tari, Aryan"]
[Result "1-0"]
[WhiteElo "2619"]
[BlackElo "2635"]
[PlyCount "61"]
[EventDate "2024.02.13"]
[EventType "swiss (blitz)"]
[EventRounds "11"]
[EventCountry "USA"]
[SourceTitle "CB08_2024"]
[SourceDate "2024.02.21"]
[SourceVersion "1"]
[SourceVersionDate "2024.02.21"]
[SourceQuality "1"]

1. d4 d5 2. c4 e6 3. Nf3 Nf6 4. g3 dxc4 5. Bg2 c5 6. 0-0 Nc6 7. Na3 cxd4 8. Nxc4 Bc5 9. a3 a5 10. Bf4 Nd5 11. Be5 Nxe5 12. Ncxe5 0-0 13. Nxd4 a4 14. Rc1 Qb6 15. e3 Bxd4 16. Qxd4 Qxd4 17. exd4 f6 18. Nd3 Rd8 19. Rfe1 Kf7 20. h4 Ra5 21. Rc4 Bd7 22. Bxd5 Rxd5 23. Nc5 b6 24. Ne4 Be8 25. Rc7+ R8d7 26. Rc6 Rxd4 27. Rxb6 e5 28. h5 Ke7 29. h6 f5 30. hxg7 Kf7 31. Nf6 1-0

[Event "Titled Tuesday intern op 13th Feb Early"]
[Site "Chess.com INT"]
[Date "2024.02.13"]
[Round "10"]
[White "Sychev, Klementy"]
[Black "Kollars, Dmitrij"]
[Result "0-1"]
[WhiteElo "2542"]
[BlackElo "2619"]
[PlyCount "108"]
[EventDate "2024.02.13"]
[EventType "swiss (blitz)"]
[EventRounds "11"]
[EventCountry "USA"]
[SourceTitle "CB08_2024"]
[SourceDate "2024.02.21"]
[SourceVersion "1"]
[SourceVersionDate "2024.02.21"]
[SourceQuality "1"]

1. e4 c6 2. c4 d5 3. cxd5 cxd5 4. exd5 Nf6 5. Qa4+ Nbd7 6. Nc3 g6 7. Bc4 Bg7 8. Nf3 a6 9. 0-0 Rb8 10. Bb3 0-0 11. Qf4 b5 12. Nd4 Nh5 13. Qe3 Bb7 14. Nc6 Bxc6 15. dxc6 Ne5 16. Qe4 Qc8 17. d4 Nxc6 18. Be3 Nf6 19. Qh4 Qg4 20. Qxg4 Nxg4 21. h3 Nh6 22. d5 Nd4 23. g4 b4 24. Na4 Nxb3 25. axb3 Rfd8 26. Rfd1 f5 27. g5 Nf7 28. Nc5 Rb5 29. Ne6 Rdxd5 30. Rxd5 Rxd5 31. Rxa6 Nd6 32. Ra8+ Kf7 33. Nd8+ Ke8 34. Ne6+ Kf7 35. Nd8+ Ke8 36. Nc6+ Kd7 37. Nxb4 Rb5 38. Ra7+ Nb7 39. Nd3 Kd6 40. b4 e5 41. Nc5 Kc6 42. Ra6+ Kd5 43. Ne6 Rxb4 44. Nxg7 Rxb2 45. Ne8 f4 46. Nf6+ Kc4 47. Rc6+ Kd3 48. Rd6+ Ke2 49. Rd7 fxe3 50. fxe3 Nc5 51. Rxh7 Kxe3 52. Re7 Nd3 53. h4 Kf3 54. Rf7 Nf4 0-1

[Event "Titled Tuesday intern op 13th Feb Early"]
[Site "Chess.com INT"]
[Date "2024.02.13"]
[Round "4"]
[White "Zakrzewski, Marek"]
[Black "Kollars, Dmitrij"]
[Result "0-1"]
[WhiteElo "2294"]
[BlackElo "2619"]
[PlyCount "100"]
[EventDate "2024.02.13"]
[EventType "swiss (blitz)"]
[EventRounds "11"]
[EventCountry "USA"]
[SourceTitle "CB08_2024"]
[SourceDate "2024.02.21"]
[SourceVersion "1"]
[SourceVersionDate "2024.02.21"]
[SourceQuality "1"]

1. d4 Nf6 2. Nf3 g6 3. c4 Bg7 4. Nc3 d5 5. e3 0-0 6. Qb3 c6 7. cxd5 cxd5 8. Bd3 Nc6 9. 0-0 a6 10. Bd2 b5 11. Rfc1 Na5 12. Qd1 Bg4 13. b3 Qb6 14. h3 Bxf3 15. Qxf3 e6 16. Ne2 Rfc8 17. Bb4 Nb7 18. Ng3 Qd8 19. Qd1 a5 20. Ba3 b4 21. Bb2 h5 22. Rxc8 Rxc8 23. Rc1 Nd6 24. Rc5 h4 25. Ne2 Nfe4 26. Rxc8 Qxc8 27. f3 Nf6 28. Qc1 Qd8 29. Qc5 Bh6 30. Kf2 Nh5 31. Bc1 Bf8 32. Qc6 Ng7 33. a3 Ndf5 34. axb4 Bxb4 35. Bb2 Qg5 36. Bc1 Ng3 37. Qc2 Nxe2 38. Qxe2 Nh5 39. Bd2 Qg3+ 40. Kf1 Qh2 41. Kf2 Ng3 42. Qd1 Nh1+ 43. Kf1 Qb8 44. Bxb4 Qxb4 45. Kg1 Ng3 46. Kf2 Qc3 47. Qc2 Qa1 48. Qc8+ Kg7 49. Qc2 Nh1+ 50. Ke2 Qg1 0-1

[Event "Titled Tuesday intern op 23rd Jan Late"]
[Site "Chess.com INT"]
[Date "2024.01.23"]
[Round "9"]
[White "Kollars, Dmitrij"]
[Black "Gorovets, Andrey"]
[Result "1-0"]
[WhiteElo "2632"]
[BlackElo "2493"]
[PlyCount "123"]
[EventDate "2024.01.23"]
[EventType "swiss (blitz)"]
[EventRounds "11"]
[EventCountry "USA"]
[SourceTitle "CB05_2024"]
[SourceDate "2024.01.31"]
[SourceVersion "1"]
[SourceVersionDate "2024.01.31"]
[SourceQuality "1"]

1. e4 c5 2. Nf3 e6 3. d4 cxd4 4. Nxd4 Nc6 5. Bf4 d6 6. Nxc6 bxc6 7. c4 Nf6 8. Nc3 e5 9. Be3 a5 10. Bd3 Be7 11. 0-0 0-0 12. h3 Nd7 13. Qd2 Nc5 14. Rfd1 Ne6 15. Bf1 Qc7 16. Rac1 Re8 17. Na4 c5 18. Nc3 Nd4 19. Nd5 Qd8 20. Rc3 Bb7 21. Bd3 h6 22. Ra3 Bxd5 23. cxd5 Bg5 24. Ra4 g6 25. b3 Kg7 26. Kh1 Ra7 27. Rf1 Ra8 28. Qe1 Ra7 29. Qd1 Ra8 30. Bc4 Bf4 31. g3 Bg5 32. h4 Bf6 33. Kg2 Rb8 34. Bd2 Ra8 35. Qe1 Nc2 36. Qc1 Nd4 37. Bxh6+ Kh7 38. Bd2 Bg7 39. Qe1 f5 40. exf5 gxf5 41. Rxa5 e4 42. Rxa8 Qxa8 43. Qd1 Kg6 44. a4 Rh8 45. Rh1 Be5 46. h5+ Kh7 47. h6 Qf8 48. Qh5 Rg8 49. Rh4 Nf3 50. Bc1 Nxh4+ 51. Qxh4 Qf6 52. Qxf6 Bxf6 53. a5 Bg5 54. Bxg5 Rxg5 55. Bb5 f4 56. a6 f3+ 57. Kg1 e3 58. fxe3 Rxg3+ 59. Kf2 Rg2+ 60. Kxf3 Ra2 61. Ba4 c4 62. a7 1-0

[Event "Titled Tuesday intern op 09th Jan Early"]
[Site "Chess.com INT"]
[Date "2024.01.09"]
[Round "1"]
[White "Davidson, Kevin"]
[Black "Kollars, Dmitrij"]
[Result "0-1"]
[WhiteElo "2154"]
[BlackElo "2632"]
[PlyCount "112"]
[EventDate "2024.01.09"]
[EventType "swiss (blitz)"]
[EventRounds "11"]
[EventCountry "USA"]
[SourceTitle "CB03_2024"]
[SourceDate "2024.01.17"]
[SourceVersion "1"]
[SourceVersionDate "2024.01.17"]
[SourceQuality "1"]

1. e4 e5 2. Nf3 Nc6 3. Bb5 a6 4. Ba4 Nf6 5. 0-0 Bc5 6. c3 b5 7. Bb3 d6 8. a4 Bg4 9. d3 Na5 10. Bc2 b4 11. Be3 0-0 12. Nbd2 Rb8 13. Re1 Re8 14. h3 Bxe3 15. fxe3 Be6 16. d4 Bd7 17. Bd3 Qc8 18. Qe2 bxc3 19. bxc3 Ra8 20. Nh4 c5 21. Rf1 Qd8 22. Qf2 Qe7 23. Nf5 Bxf5 24. Qxf5 Nc6 25. d5 Na5 26. Rab1 Qc7 27. Rf3 c4 28. Be2 Re7 29. Rg3 Nd7 30. Rf1 g6 31. Qg5 f6 32. Qh6 Qd8 33. Nf3 Qf8 34. Qh4 Qg7 35. Rg4 Nc5 36. Qf2 Rf8 37. Nd2 Nxa4 38. Nxc4 Nxc4 39. Bxc4 Nc5 40. h4 Qh6 41. Qg3 Ref7 42. Rb1 f5 43. exf5 Rxf5 44. Rb6 R5f6 45. Rc6 a5 46. Rc7 R6f7 47. Rc6 Rf6 48. Rc7 R8f7 49. Rc8+ Kg7 50. Rg5 Rf5 51. Rxf5 Rxf5 52. Ra8 a4 53. Ra7+ Rf7 54. Ra5 Qh5 55. Bb5 Qf5 56. Bc6 Ne4 0-1

[Event "POL Superleague Rapid Final"]
[Site "Bydgoszcz"]
[Date "2023.11.25"]
[Round "1.22"]
[White "Kollars, Dmitrij"]
[Black "Shevchenko, Kirill"]
[Result "1/2-1/2"]
[WhiteElo "2642"]
[BlackElo "2665"]
[PlyCount "172"]
[EventDate "2023.11.25"]
[EventType "team-k.o. (rapid)"]
[EventRounds "2"]
[EventCountry "POL"]
[SourceTitle "CB48_2023"]
[SourceDate "2023.11.29"]
[SourceVersion "1"]
[SourceVersionDate "2023.11.29"]
[SourceQuality "1"]
[WhiteTeam "Bydgoszcz Gwiazda"]
[BlackTeam "Katowice Wasko"]
[WhiteTeamCountry "POL"]
[BlackTeamCountry "POL"]

1. e4 c5 2. Nf3 Nc6 3. Bb5 d6 4. 0-0 Bd7 5. Re1 Nf6 6. c3 a6 7. Bf1 Bg4 8. d4 cxd4 9. cxd4 e5 10. Be3 exd4 11. Bxd4 Be7 12. Nc3 Nxd4 13. Qxd4 Bxf3 14. gxf3 0-0 15. f4 b5 16. Rad1 Re8 17. a3 Rc8 18. Qe3 Qc7 19. e5 dxe5 20. fxe5 Bc5 21. Qg3 Nh5 22. Qg4 Qb6 23. Qxh5 Bxf2+ 24. Kh1 Bxe1 25. Rxe1 Qf2 26. Rd1 g6 27. Qh3 Qxb2 28. Rd3 b4 29. Ne4 Qxe5 30. Nd6 bxa3 31. Nxe8 Rxe8 32. Rxa3 Qd5+ 33. Qf3 Qxf3+ 34. Rxf3 Re4 35. Bxa6 Kg7 36. Rc3 Re6 37. Bf1 Rf6 38. Kg2 Rf5 39. Rc7 Rg5+ 40. Kh1 Rf5 41. Bc4 Rf4 42. Kg2 Rf6 43. Kg3 Rf5 44. Rd7 Rf6 45. Bd5 Rf5 46. Bf3 Rf6 47. Kf2 Rf4 48. Ra7 Kg8 49. h3 Kg7 50. Ke3 Rf6 51. Bd5 Rf5 52. Kd4 Rf6 53. Re7 Kf8 54. Rd7 Kg7 55. Ke5 Rf5+ 56. Kd6 Kf8 57. Rb7 Rf2 58. Rb8+ Kg7 59. Rb3 Rf6+ 60. Kd7 Rf5 61. Rd3 Kf8 62. Kd6 Kg7 63. Re3 Kf8 64. Bc4 Rf6+ 65. Kd7 Rf4 66. Bd5 Rf5 67. Bf3 Rf4 68. Kd6 Rf6+ 69. Kd5 Rf5+ 70. Kd4 Rf4+ 71. Kd3 Kg7 72. Ke2 Rf6 73. Kf2 Rf5 74. Kg3 Rf6 75. h4 h5 76. Re7 Kf8 77. Rb7 Kg7 78. Kf2 Rf4 79. Ke3 Rf5 80. Be4 Rf6 81. Bd5 Rf5 82. Kd4 Rf4+ 83. Ke5 Rf5+ 84. Kd6 Kf8 85. Rb8+ Kg7 86. Rb7 Kf8 1/2-1/2

[Event "POL Superleague Rapid Final"]
[Site "Bydgoszcz"]
[Date "2023.11.25"]
[Round "1.12"]
[White "Shevchenko, Kirill"]
[Black "Kollars, Dmitrij"]
[Result "1-0"]
[WhiteElo "2665"]
[BlackElo "2642"]
[PlyCount "83"]
[EventDate "2023.11.25"]
[EventType "team-k.o. (rapid)"]
[EventRounds "2"]
[EventCountry "POL"]
[SourceTitle "CB48_2023"]
[SourceDate "2023.11.29"]
[SourceVersion "1"]
[SourceVersionDate "2023.11.29"]
[SourceQuality "1"]
[WhiteTeam "Katowice Wasko"]
[BlackTeam "Bydgoszcz Gwiazda"]
[WhiteTeamCountry "POL"]
[BlackTeamCountry "POL"]

1. e4 e5 2. Nf3 Nc6 3. Nc3 Nf6 4. Nd5 Be7 5. Bd3 d6 6. c3 0-0 7. Bc2 Be6 8. Nxe7+ Qxe7 9. 0-0 Rad8 10. d4 Bg4 11. d5 Nb8 12. h3 Bh5 13. Qd3 Nbd7 14. Nh4 Bg6 15. Nxg6 fxg6 16. g3 h6 17. Be3 Nc5 18. Bxc5 dxc5 19. Qe3 b6 20. Ba4 Nh7 21. Kg2 Ng5 22. Bd1 Nf7 23. Bg4 Kh8 24. h4 Rd6 25. b4 cxb4 26. cxb4 c6 27. Rad1 cxd5 28. exd5 Rf6 29. Be6 Nd8 30. Bh3 Qxb4 31. d6 e4 32. Rd4 Qc5 33. d7 Qc2 34. Kg1 Qxa2 35. Rxe4 Rf3 36. Re8 Kh7 37. Qe4 Qf7 38. h5 Kh8 39. hxg6 Qf6 40. Rxf8+ Qxf8 41. Qe8 b5 42. Rc1 1-0